000 01147naa a22003377a 4500
001 BR7902723
003 BR-BrBNA
005 20240918174351.0
007 ta
008 230509b bl.||||| |||| 00| 0 por d
040 _aBR-BrBNA
_bpor
_cBiblioteca Nacional de Agricultura
041 _a(Pt)
072 _aQ10; E10
_b9120
_bG514
090 _aQ10 BR7902723
100 1 _aGoldenberg, I.J.E.
245 1 _aA industria de conservas legumes e hotalicas [Desenvolvimento industrial; Custo; Sao Paulo; Brasil]
260 3 _aSao Paulo, SP (Brasil):
_c1978.
500 _aAgroindustria e desenvolvimento no Estado de Sao Paulo Sao Paulo, SP (Brasil): 1978. p. 62-74 (BR7902723-AM)Q10
650 _aTecnologia de alimento
650 _aMacroeconomia
650 _aLegume
650 _aHortalica
650 _aConserva
650 _aIndustria alimenticia
650 _aCusto
650 _aDesenvolvimento industrial
650 _aSao Paulo
773 0 _tAgroindustria e desenvolvimento no Estado de Sao Paulo
_b
_wQ10 BR7902723
_gSao Paulo, SP (Brasil), 1978. p. 62-74
909 _a202404
_bLucia
_c55
_dLucia Elande
942 _cAM
_2AGRIS
999 _c310766
_d310766